Statistics for Biggest Cities in Northern England on a Map

Click here to take the quiz!

General Stats

  • This quiz has been taken 147 times
  • The average score is 19 of 27

Answers on the Map

Answers color-coded by a green-red scale on the quiz's map according to % correct below.
 

Answer Stats

PopulationAnswer% Correct
586,889Liverpool
98%
563,561Manchester
98%
287,535Newcastle upon Tyne
98%
511,164Leeds
97%
552,143Sheffield
93%
164,369York
88%
174,807Sunderland
87%
145,821Blackpool
83%
366,187Bradford
83%
288,028Kingston upon Hull
83%
177,354Middlesbrough
80%
205,411Bolton
69%
122,657Salford
68%
120,932Blackburn
66%
171,809Huddersfield
66%
116,834Doncaster
64%
122,249Gateshead
64%
107,546Wakefield
64%
107,732Wigan
61%
145,775Birkenhead
55%
111,481Rotherham
55%
108,606Oldham
54%
172,684Warrington
53%
111,694Stockport
51%
113,893Rochdale
50%
105,127St Helens
45%
138,206Sale
36%

Score Distribution

Percentile by Number Answered

Percent of People with Each Score

Your Score History

You have not taken this quiz